| 000 | 01476nam a2200229Ia 4500 | ||
|---|---|---|---|
| 003 | Ost | ||
| 005 | 20260507075647.0 | ||
| 008 | 260507s9999||||xx |||||||||||||| ||und|| | ||
| 020 | _a1114210977 | ||
| 040 | _cfsecg | ||
| 041 | _aara | ||
| 082 | _a338.9 | ||
| 100 |
_aعمر، حسين _eمؤلف |
||
| 245 | 0 |
_aالرفاهية الإقتصادية : _bبحث في الأسس العلمية والتطبيقات العملية لرفاهية الفرد والمجتمع / _c حسين عمر |
|
| 260 |
_aالقاهرة: _bدار الفكر العربي, _c1999 |
||
| 300 |
_a139 صفحة؛ _bإيضاحات ؛ _c24 سم |
||
| 520 | _aتطوير نظرية القيمة في الإقتصاد الكلاسيكي- النظرية النمساوية في القيمة(نظرية كارل منجر)- النظرية الحديثة في القيمة (نظرية ستانلي جقونز)- الشكل العام لدالة المنفعة- نظرية التفضيل الموضح- اقتصاديات الرفاهية- شروط الاوضاع المثلى في الإنتاج- الناتج الامثل- سياسة السحر في المنشآت العامة- الإطار العام لنتائج الرفاهية في ضوء التحليل الحديث- رفاهية الفرد ورفاهية الجماعة والمجتمع. | ||
| 653 | _aالإقتصاد | ||
| 653 | _aالتنمية الإقتصادية | ||
| 653 | _aالرفاهية الإقتصادية | ||
| 942 | _cكتاب | ||
| 999 |
_c45509 _d45509 |
||